[Event "RUS-chT 11th"]
[Site "Sochi"]
[Date "2004.04.27"]
[Round "8.6"]
[White "Skatchkov, Pavel"]
[Black "Odinokov, Nikolai"]
[Result "1/2-1/2"]
[WhiteElo "2496"]
[BlackElo "2325"]
[PlyCount "36"]
[EventDate "2004.04.20"]
[EventType "team-tourn"]
[EventRounds "9"]
[EventCountry "RUS"]
[SourceTitle "EXT 2020"]
[Source "ChessBase"]
[SourceDate "2019.10.17"]
[SourceVersion "1"]
[SourceVersionDate "2019.10.17"]
[SourceQuality "1"]
[WhiteTeam "Togliatti Lada"]
[BlackTeam "Tomsk Siberian Athens-Neftekhim"]
[WhiteTeamCountry "RUS"]
[BlackTeamCountry "RUS"]

1. d4 g6 2. Nf3 Bg7 3. g3 f5 4. Bg2 Nf6 5. 0-0 0-0 6. c4 d6 7. Nc3 Qe8 8. d5 a5 9. Nd4 Na6 10. b3 Bd7 11. Bb2 Nc5 12. Qc2 Rc8 13. Rad1 Qf7 14. e3 c6 15. Qe2 Nce4 16. Nf3 h6 17. Nd2 Nc5 18. h3 g5 1/2-1/2

[Event "RUS-chT 11th"]
[Site "Sochi"]
[Date "2004.04.25"]
[Round "6.6"]
[White "Najer, Evgeniy"]
[Black "Odinokov, Nikolai"]
[Result "1-0"]
[WhiteElo "2606"]
[BlackElo "2325"]
[PlyCount "55"]
[EventDate "2004.04.20"]
[EventType "team-tourn"]
[EventRounds "9"]
[EventCountry "RUS"]
[SourceTitle "EXT 2020"]
[Source "ChessBase"]
[SourceDate "2019.10.17"]
[SourceVersion "1"]
[SourceVersionDate "2019.10.17"]
[SourceQuality "1"]
[WhiteTeam "Norilsk Norilsky Nikel"]
[BlackTeam "Tomsk Siberian Athens-Neftekhim"]
[WhiteTeamCountry "RUS"]
[BlackTeamCountry "RUS"]

1. e4 e5 2. Nf3 Nc6 3. Bc4 Be7 4. d3 Nf6 5. c3 0-0 6. 0-0 d6 7. a4 Qe8 8. Qb3 Nd7 9. Be3 Kh8 10. Nbd2 Bf6 11. Rfe1 Nd8 12. d4 Ne6 13. Nf1 Rg8 14. Ng3 Ndf8 15. Nf5 Nd8 16. dxe5 dxe5 17. Rad1 Be6 18. Bd5 Ng6 19. g3 Rb8 20. Bxa7 Ra8 21. Bc5 Bd7 22. Rd2 Ne7 23. Bxe7 Bxe7 24. Nxe5 Be6 25. Bxe6 fxe6 26. Nxe7 Qxe7 27. Qc4 Rf8 28. Rd7 1-0

[Event "RUS-chT 11th"]
[Site "Sochi"]
[Date "2004.04.24"]
[Round "5.5"]
[White "Odinokov, Nikolai"]
[Black "Klimov, Sergey"]
[Result "0-1"]
[WhiteElo "2325"]
[BlackElo "2520"]
[PlyCount "54"]
[EventDate "2004.04.20"]
[EventType "team-tourn"]
[EventRounds "9"]
[EventCountry "RUS"]
[SourceTitle "EXT 2020"]
[Source "ChessBase"]
[SourceDate "2019.10.17"]
[SourceVersion "1"]
[SourceVersionDate "2019.10.17"]
[SourceQuality "1"]
[WhiteTeam "Tomsk Siberian Athens-Neftekhim"]
[BlackTeam "Sankt Petersburg"]
[WhiteTeamCountry "RUS"]
[BlackTeamCountry "RUS"]

1. Nf3 Nf6 2. g3 g6 3. Bg2 Bg7 4. c4 0-0 5. Nc3 d6 6. 0-0 e5 7. Rb1 c6 8. d3 Re8 9. Bg5 h6 10. Bxf6 Bxf6 11. Nd2 a5 12. a3 Bg7 13. b4 e4 14. Qc2 axb4 15. axb4 exd3 16. exd3 Ra3 17. Rb3 Rxb3 18. Qxb3 Na6 19. Na4 Nc7 20. Nb6 Bf5 21. b5 Ne6 22. bxc6 bxc6 23. Ne4 Bxe4 24. dxe4 Nc5 25. Qb4 Qc7 26. Rb1 Rb8 27. Bh3 Nxe4 0-1

[Event "RUS-Cup01"]
[Site "Tomsk"]
[Date "2003.07.08"]
[Round "5"]
[White "Odinokov, Nikolai"]
[Black "Akselrod, Vladislav"]
[Result "0-1"]
[WhiteElo "2339"]
[BlackElo "2437"]
[PlyCount "104"]
[EventDate "2003.07.04"]
[EventType "swiss"]
[EventRounds "9"]
[EventCountry "RUS"]
[SourceTitle "CBM 095 Extra"]
[Source "ChessBase"]
[SourceDate "2003.09.04"]
[SourceVersion "1"]
[SourceVersionDate "2003.09.04"]
[SourceQuality "1"]

1. Nf3 d5 2. c4 d4 3. b4 g6 4. g3 Bg7 5. d3 e5 6. Bg2 Ne7 7. 0-0 0-0 8. Nbd2 c6 9. Nb3 Na6 10. Bd2 Nc7 11. a4 Ne6 12. Qc1 f6 13. Rd1 Nf5 14. Qc2 Rf7 15. c5 Ne7 16. Na5 Nd5 17. Nc4 Bf8 18. e4 dxe3 19. fxe3 g5 20. Rf1 Rg7 21. Rf2 Rg6 22. Raf1 Be7 23. e4 Ndc7 24. Bc3 a5 25. Nxa5 Rxa5 26. bxa5 Bxc5 27. Kh1 Bxf2 28. Rxf2 Rg7 29. Bf1 Nd4 30. Nxd4 exd4 31. Bb2 Be6 32. Qc5 Rd7 33. Qb6 Ne8 34. Ba3 Kg7 35. Rb2 Qxb6 36. axb6 Rd8 37. Bc5 Ra8 38. Bxd4 Rxa4 39. Bc5 Ra5 40. d4 Ra1 41. Kg2 f5 42. Rf2 fxe4 43. Rf8 Bf7 44. Bc4 Bxc4 45. Rxe8 Kg6 46. Re7 Ra2+ 47. Kg1 Bd5 48. Rxb7 e3 49. Ra7 Rg2+ 50. Kf1 Rf2+ 51. Kg1 Rg2+ 52. Kf1 e2+ 0-1

[Event "RUS-chT 10th final B"]
[Site "Togliatti"]
[Date "2003.05.24"]
[Round "2"]
[White "Isajevsky, Anton"]
[Black "Odinokov, Nikolai"]
[Result "0-1"]
[WhiteElo "2385"]
[BlackElo "2349"]
[PlyCount "56"]
[EventDate "2003.05.23"]
[EventType "team-tourn"]
[EventRounds "3"]
[EventCountry "RUS"]
[SourceTitle "EXT 2020"]
[Source "ChessBase"]
[SourceDate "2019.10.17"]
[SourceVersion "1"]
[SourceVersionDate "2019.10.17"]
[SourceQuality "1"]
[WhiteTeam "Kazan Ladya"]
[BlackTeam "Tomsk Siberian Athens-Neftekhim"]
[WhiteTeamCountry "RUS"]
[BlackTeamCountry "RUS"]

1. c4 g6 2. Nc3 Bg7 3. d4 f5 4. h4 Nf6 5. Nh3 d6 6. d5 e5 7. dxe6 Bxe6 8. Nf4 Bf7 9. h5 0-0 10. hxg6 hxg6 11. e3 Nbd7 12. Be2 Ne5 13. b3 g5 14. Nd3 Ne4 15. Bb2 Nxc4 16. bxc4 Nxc3 17. Qb3 Nxe2 18. Kxe2 Bg6 19. Bxg7 Kxg7 20. Qxb7 f4 21. Qd5 Qf6 22. Qd4 Qxd4 23. exd4 f3+ 24. gxf3 Rae8+ 25. Kd2 Rxf3 26. Nc1 Rxf2+ 27. Kc3 Rc2+ 28. Kb4 Rb8+ 0-1

[Event "RUS-chT 10th Group1"]
[Site "Togliatti"]
[Date "2003.05.22"]
[Round "7"]
[White "Ovetchkin, Roman"]
[Black "Odinokov, Nikolai"]
[Result "1-0"]
[WhiteElo "2535"]
[BlackElo "2349"]
[PlyCount "61"]
[EventDate "2003.05.16"]
[EventType "team-tourn"]
[EventRounds "6"]
[EventCountry "RUS"]
[SourceTitle "EXT 2020"]
[Source "ChessBase"]
[SourceDate "2019.10.17"]
[SourceVersion "1"]
[SourceVersionDate "2019.10.17"]
[SourceQuality "1"]
[WhiteTeam "Nizhny Tagil Politekhnik"]
[BlackTeam "Tomsk Siberian Athens-Neftekhim"]
[WhiteTeamCountry "RUS"]
[BlackTeamCountry "RUS"]

1. e4 e5 2. Nf3 Nc6 3. Bb5 d6 4. 0-0 Nge7 5. c3 Ng6 6. d4 Bd7 7. Qb3 Be7 8. d5 Na5 9. Bxd7+ Qxd7 10. Qc2 b6 11. c4 0-0 12. Nbd2 f5 13. exf5 Rxf5 14. Ne1 Raf8 15. Ne4 c6 16. Ng3 R5f7 17. b4 Nb7 18. Qa4 Nd8 19. Be3 Nf4 20. Rd1 Bh4 21. Rd2 Qc7 22. Ne4 b5 23. Qc2 bxc4 24. Bxf4 cxd5 25. Rxd5 Rxf4 26. g3 Qc6 27. Rxd6 Qxe4 28. gxf4 Qxf4 29. Ng2 Qg5 30. Qxc4+ Nf7 31. Rd5 1-0

[Event "RUS-chT 10th Group1"]
[Site "Togliatti"]
[Date "2003.05.20"]
[Round "5"]
[White "Cherniaev, Alexander1"]
[Black "Odinokov, Nikolai"]
[Result "0-1"]
[WhiteElo "2228"]
[BlackElo "2349"]
[PlyCount "66"]
[EventDate "2003.05.16"]
[EventType "team-tourn"]
[EventRounds "6"]
[EventCountry "RUS"]
[SourceTitle "EXT 2020"]
[Source "ChessBase"]
[SourceDate "2019.10.17"]
[SourceVersion "1"]
[SourceVersionDate "2019.10.17"]
[SourceQuality "1"]
[WhiteTeam "Chita Zabaikalets"]
[BlackTeam "Tomsk Siberian Athens-Neftekhim"]
[WhiteTeamCountry "RUS"]
[BlackTeamCountry "RUS"]

1. d4 Nf6 2. c4 c5 3. d5 b5 4. cxb5 a6 5. bxa6 Bxa6 6. Nc3 g6 7. g3 Bg7 8. Bg2 d6 9. Nf3 0-0 10. 0-0 Nbd7 11. Re1 Qc7 12. e4 Ng4 13. Bf1 Bxf1 14. Rxf1 Rfb8 15. Qc2 Nge5 16. Nxe5 Nxe5 17. f4 Nc4 18. Nd1 Na5 19. Rb1 Qa7 20. Bd2 Bd4+ 21. Kh1 Qa6 22. Nc3 Nc4 23. Rfe1 Qa5 24. f5 Nxd2 25. Qxd2 Rxb2 26. Qxb2 Bxc3 27. Qe2 Bxe1 28. Rxe1 Qxa2 29. fxg6 hxg6 30. Qf3 Qb2 31. Rf1 f6 32. Qg4 Kg7 33. h4 Ra2 0-1

[Event "RUS-chT 10th Group1"]
[Site "Togliatti"]
[Date "2003.05.16"]
[Round "1"]
[White "Odinokov, Nikolai"]
[Black "Pigusov, Evgeny"]
[Result "1/2-1/2"]
[WhiteElo "2349"]
[BlackElo "2588"]
[PlyCount "73"]
[EventDate "2003.05.16"]
[EventType "team-tourn"]
[EventRounds "6"]
[EventCountry "RUS"]
[SourceTitle "EXT 2020"]
[Source "ChessBase"]
[SourceDate "2019.10.17"]
[SourceVersion "1"]
[SourceVersionDate "2019.10.17"]
[SourceQuality "1"]
[WhiteTeam "Tomsk Siberian Athens-Neftekhim"]
[BlackTeam "Tomsk 400"]
[WhiteTeamCountry "RUS"]
[BlackTeamCountry "RUS"]

1. e4 c5 2. Nc3 Nc6 3. g3 g6 4. Bg2 Bg7 5. d3 Rb8 6. Nf3 d6 7. h3 b5 8. a3 a5 9. 0-0 b4 10. axb4 axb4 11. Nd5 e6 12. Ne3 Nge7 13. Re1 Bb7 14. Nc4 0-0 15. Bf4 e5 16. Bd2 Qc7 17. c3 Bc8 18. Ne3 h6 19. Nh4 bxc3 20. bxc3 Na5 21. Ra3 Bd7 22. Qc2 Be6 23. c4 Nac6 24. Nd5 Nd4 25. Qa2 Nxd5 26. cxd5 Bd7 27. Kh2 Qc8 28. Rb1 Rxb1 29. Qxb1 Qc7 30. Nf3 Rb8 31. Qa2 Nxf3+ 32. Bxf3 Bf8 33. Ra7 Rb7 34. Ra8 Rb8 35. Ra7 Rb7 36. Ra8 Rb8 37. Ra7 1/2-1/2

[Event "Sibiria Region-ch"]
[Site "Novosibirsk"]
[Date "2003.??.??"]
[Round "8"]
[White "Kalashnikov, Konstantin"]
[Black "Odinokov, Nikolai"]
[Result "1-0"]
[WhiteElo "2384"]
[BlackElo "2315"]
[PlyCount "111"]
[EventDate "2003.05.??"]
[EventType "swiss"]
[EventRounds "9"]
[EventCountry "RUS"]
[SourceTitle "EXT 2008"]
[Source "ChessBase"]
[SourceDate "2007.11.25"]
[SourceVersion "1"]
[SourceVersionDate "2007.11.25"]
[SourceQuality "1"]

1. e4 d6 2. d4 Nf6 3. f3 e5 4. dxe5 dxe5 5. Qxd8+ Kxd8 6. Bc4 Ke8 7. Be3 Nbd7 8. Nc3 c6 9. a4 a5 10. Nh3 Bc5 11. Bxc5 Nxc5 12. Nf2 Ke7 13. Nd3 Nxd3+ 14. Bxd3 Be6 15. Nd1 Nd7 16. Ne3 Nb6 17. Ke2 Rhd8 18. b3 Rd4 19. c3 Rd7 20. Bc2 Rad8 21. Rhd1 Rxd1 22. Bxd1 Kd6 23. Bc2 Kc7 24. h4 Nd7 25. Rb1 f6 26. g3 b5 27. axb5 cxb5 28. b4 a4 29. Bd3 Kc6 30. c4 bxc4 31. Nxc4 Bxc4 32. Bxc4 Nb6 33. Ba6 Rd4 34. Rc1+ Kd6 35. Bb5 Rxb4 36. Rc6+ Ke7 37. Rxb6 a3 38. Rb7+ Kf8 39. Rb8+ Ke7 40. Re8+ Kf7 41. Bc6 Rb2+ 42. Kd3 Rb3+ 43. Kd2 Rxf3 44. Ra8 Rxg3 45. h5 Rh3 46. Bd7 Rh4 47. Ra7 Kf8 48. Be6 Rxh5 49. Rf7+ Ke8 50. Rxg7 Rh4 51. Ke3 Rh1 52. Ra7 Re1+ 53. Kd3 Rg1 54. Rxh7 Rg3+ 55. Kc4 Re3 56. Bf5 1-0

[Event "Sibiria Region-ch"]
[Site "Novosibirsk"]
[Date "2003.??.??"]
[Round "7"]
[White "Kirillov, Pavel"]
[Black "Odinokov, Nikolai"]
[Result "0-1"]
[WhiteElo "2150"]
[BlackElo "2315"]
[PlyCount "116"]
[EventDate "2003.05.??"]
[EventType "swiss"]
[EventRounds "9"]
[EventCountry "RUS"]
[SourceTitle "EXT 2008"]
[Source "ChessBase"]
[SourceDate "2007.11.25"]
[SourceVersion "1"]
[SourceVersionDate "2007.11.25"]
[SourceQuality "1"]

1. e4 g6 2. d4 Bg7 3. Nf3 d6 4. Be2 Nf6 5. Nc3 0-0 6. Bg5 a6 7. Qd2 b5 8. a3 Bb7 9. d5 c6 10. 0-0 cxd5 11. exd5 Nbd7 12. Nd4 Rc8 13. Bf3 Ne5 14. Rfe1 Rc5 15. Nb3 Nxf3+ 16. gxf3 Rc7 17. Rad1 Re8 18. Qf4 Rc4 19. Qe3 Qa8 20. Na5 Rxc3 21. bxc3 Bxd5 22. Rd3 Nd7 23. Red1 Be6 24. Qe4 Qxe4 25. fxe4 Ne5 26. Rg3 Bg4 27. Rb1 Be2 28. f4 Nc4 29. Kf2 Nxa5 30. Kxe2 h6 31. Bh4 e5 32. f5 g5 33. Rg2 Rc8 34. Be1 Nc4 35. Ra1 Nb6 36. Rg3 Rc4 37. Kd3 d5 38. exd5 e4+ 39. Ke2 Nxd5 40. Bd2 Be5 41. Rg2 e3 42. Bxe3 Re4 43. Rd1 Nxc3+ 44. Kd3 Rxe3+ 45. Kxe3 Nxd1+ 46. Ke4 Bf6 47. Rd2 Nc3+ 48. Kf3 Kg7 49. Rd6 a5 50. Ke3 h5 51. Kd3 Nb1 52. Ra6 a4 53. Ke4 Nxa3 54. Kd5 Nxc2 55. Kc5 b4 56. Rxa4 b3 57. Ra7 b2 58. Rb7 Na3 0-1

[Event "RUS-Cup03"]
[Site "Tomsk"]
[Date "2002.07.16"]
[Round "9"]
[White "Pokazanjev, Nikolai"]
[Black "Odinokov, Nikolai"]
[Result "1-0"]
[WhiteElo "2329"]
[BlackElo "2313"]
[PlyCount "107"]
[EventDate "2002.07.08"]
[EventType "swiss"]
[EventRounds "9"]
[EventCountry "RUS"]
[SourceTitle "CBM 089 Extra"]
[Source "ChessBase"]
[SourceDate "2002.09.10"]
[SourceVersion "2"]
[SourceVersionDate "2002.09.10"]
[SourceQuality "1"]

1. e4 g6 2. d4 Bg7 3. Nc3 d6 4. f4 Nf6 5. Nf3 0-0 6. e5 Nfd7 7. h4 c5 8. h5 cxd4 9. hxg6 hxg6 10. Qxd4 Nc6 11. Qg1 dxe5 12. Qh2 Nf6 13. fxe5 Nh5 14. Bd3 Qa5 15. Bf4 Qb4 16. Bd2 Bg4 17. a3 Qb6 18. 0-0-0 Bxf3 19. gxf3 Nxe5 20. Be2 Rfc8 21. f4 Nc4 22. Bxc4 Rxc4 23. f5 Rac8 24. fxg6 fxg6 25. Rdg1 R4c6 26. Qg2 Qd4 27. Qe2 Rd8 28. Rg4 Qxd2+ 29. Qxd2 Rxd2 30. Kxd2 Bxc3+ 31. bxc3 Kf7 32. Ra4 a6 33. Rb4 b5 34. c4 bxc4 35. Kc3 Nf6 36. Rxc4 Rb6 37. a4 g5 38. a5 Rd6 39. Rd4 Nd5+ 40. Kd2 e5 41. Rd3 Nf6 42. Rxd6 Ne4+ 43. Kd3 Nxd6 44. Rh7+ Ke6 45. Ra7 e4+ 46. Ke2 Kd5 47. Rxa6 Nb5 48. Rg6 Nd4+ 49. Kd1 e3 50. a6 e2+ 51. Ke1 Nxc2+ 52. Kxe2 Nd4+ 53. Kf2 Nc6 54. Rg7 1-0

[Event "RUS-Cup03"]
[Site "Tomsk"]
[Date "2002.07.14"]
[Round "7"]
[White "Grachev, Jury"]
[Black "Odinokov, Nikolai"]
[Result "1-0"]
[WhiteElo "2398"]
[BlackElo "2313"]
[PlyCount "87"]
[EventDate "2002.07.08"]
[EventType "swiss"]
[EventRounds "9"]
[EventCountry "RUS"]
[SourceTitle "CBM 089 Extra"]
[Source "ChessBase"]
[SourceDate "2002.09.10"]
[SourceVersion "2"]
[SourceVersionDate "2002.09.10"]
[SourceQuality "1"]

1. e4 g6 2. c4 Bg7 3. Nc3 d6 4. g3 e5 5. Bg2 Nc6 6. Nge2 h5 7. d3 Nh6 8. h3 Be6 9. 0-0 Qd7 10. Kh2 h4 11. g4 Nd4 12. Nxd4 exd4 13. Nd5 Bxd5 14. cxd5 f5 15. g5 Nf7 16. f4 c5 17. Bd2 Rc8 18. b3 b5 19. Rc1 Kf8 20. Be1 Qb7 21. Bf2 Qa6 22. Qe2 Re8 23. Rc2 Qa3 24. Rfc1 a5 25. Qe1 a4 26. Rb1 axb3 27. axb3 c4 28. Qd1 fxe4 29. Bxe4 Rxe4 30. dxe4 d3 31. Rcc1 Bb2 32. bxc4 Bxc1 33. Qxc1 Qa2 34. Rb2 Qxc4 35. Qxc4 bxc4 36. Bd4 Rh7 37. Bc3 Nd8 38. Rb8 Ke8 39. Rb4 Rc7 40. Kg2 Nb7 41. Kf3 Kd7 42. Ke3 Na5 43. f5 Ke7 44. fxg6 1-0

[Event "RUS-Cup03"]
[Site "Tomsk"]
[Date "2002.07.08"]
[Round "1"]
[White "Odinokov, Nikolai"]
[Black "Ovetchkin, Roman"]
[Result "0-1"]
[WhiteElo "2313"]
[BlackElo "2557"]
[PlyCount "46"]
[EventDate "2002.07.08"]
[EventType "swiss"]
[EventRounds "9"]
[EventCountry "RUS"]
[SourceTitle "CBM 089 Extra"]
[Source "ChessBase"]
[SourceDate "2002.09.10"]
[SourceVersion "2"]
[SourceVersionDate "2002.09.10"]
[SourceQuality "1"]

1. Nf3 c5 2. g3 Nc6 3. Bg2 g6 4. 0-0 Bg7 5. d3 e5 6. c4 d6 7. Nc3 Nge7 8. Ne1 h5 9. Nc2 h4 10. Ne3 hxg3 11. hxg3 f5 12. Ned5 f4 13. Ne4 Nxd5 14. cxd5 Nd4 15. Bd2 Bg4 16. Re1 Qd7 17. f3 Bh3 18. g4 0-0-0 19. Bc3 Bxg2 20. Kxg2 Nf5 21. Bd2 Qe7 22. Qa4 Ng3 23. Nxg3 Rh2+ 0-1

[Event "RUS-ch54 sf Sibiria"]
[Site "Novosibirsk"]
[Date "2001.04.18"]
[Round "1"]
[White "Frolov, Denis"]
[Black "Odinokov, Nikolai"]
[Result "1-0"]
[WhiteElo "2442"]
[BlackElo "2254"]
[PlyCount "69"]
[EventDate "2001.04.19"]
[EventType "swiss"]
[EventRounds "9"]
[EventCountry "RUS"]
[SourceTitle "CBM 082 Extra"]
[Source "ChessBase"]
[SourceDate "2001.07.03"]
[SourceVersion "1"]
[SourceVersionDate "2001.07.03"]
[SourceQuality "1"]

1. d4 c5 2. e4 cxd4 3. Nf3 Qa5+ 4. c3 Nc6 5. Nxd4 Nxd4 6. Qxd4 e5 7. Qe3 Nf6 8. Bc4 b5 9. Bd3 a6 10. 0-0 Qc7 11. b4 Be7 12. Qe2 0-0 13. a4 Bb7 14. axb5 axb5 15. Rxa8 Rxa8 16. Bg5 d5 17. Bxf6 Bxf6 18. exd5 Bxd5 19. Bxh7+ Kf8 20. Be4 Ra2 21. Qf3 Bc4 22. Bd3 Bg5 23. g3 Qd7 24. Bxc4 bxc4 25. Qh5 f6 26. Rd1 Qc7 27. Qh8+ Kf7 28. Rd8 Kg6 29. h4 Qb6 30. Qe8+ Kf5 31. Qd7+ Kg6 32. h5+ Kxh5 33. g4+ Kh4 34. Rh8+ Bh6 35. Qf5 1-0

[Event "RUS-ch54 sf Sibiria"]
[Site "Novosibirsk"]
[Date "2001.04.??"]
[Round "6"]
[White "Odinokov, Nikolai"]
[Black "Popov, Roman"]
[Result "1/2-1/2"]
[WhiteElo "2254"]
[BlackElo "2321"]
[PlyCount "109"]
[EventDate "2001.04.19"]
[EventType "swiss"]
[EventRounds "9"]
[EventCountry "RUS"]
[SourceTitle "CBM 082 Extra"]
[Source "ChessBase"]
[SourceDate "2001.07.03"]
[SourceVersion "1"]
[SourceVersionDate "2001.07.03"]
[SourceQuality "1"]

1. e4 e6 2. Qe2 c5 3. Nf3 Nc6 4. g3 g6 5. Bg2 Bg7 6. 0-0 Nge7 7. d3 d5 8. e5 h6 9. h4 Qc7 10. Bf4 g5 11. hxg5 hxg5 12. Bxg5 Nxe5 13. Nc3 N5g6 14. Nh4 Kf8 15. Nb5 Qe5 16. Nxg6+ Nxg6 17. Qxe5 Bxe5 18. c4 d4 19. f4 Bb8 20. Bf6 Rg8 21. b4 a6 22. Na3 Ne7 23. bxc5 Nf5 24. Nc2 Ba7 25. Kh2 Bxc5 26. Bh3 Rg6 27. Bxf5 Rxf6 28. Be4 Rb8 29. Rab1 b6 30. Nb4 Rh6+ 31. Kg1 f5 32. Bg2 Rg6 33. Kf2 Bb7 34. Nc6 Bxc6 35. Bxc6 Ke7 36. Bf3 Rh8 37. Rh1 Rxh1 38. Rxh1 Rg7 39. Rh8 a5 40. a4 Kf6 41. Bh5 Bd6 42. Rc8 Be7 43. Bf3 Bd6 44. Rc6 Bc5 45. Bd5 Re7 46. Bf3 Re8 47. g4 Rg8 48. g5+ Ke7 49. Rxe6+ Kxe6 50. Bd5+ Ke7 51. Bxg8 Bb4 52. Bd5 Bd2 53. Kf3 Bc1 54. Bb7 Kf7 55. Kg3 1/2-1/2

[Event "RUS-ch Schools"]
[Site "Novokuznetsk"]
[Date "2001.??.??"]
[Round "2"]
[White "Odinokov, Nikolai"]
[Black "Zhuravlev, Dmitri"]
[Result "1-0"]
[WhiteElo "2254"]
[BlackElo "2395"]
[PlyCount "83"]
[EventDate "2001.10.??"]
[EventType "swiss"]
[EventRounds "9"]
[EventCountry "RUS"]
[SourceTitle "CBM 085 Extra"]
[Source "ChessBase"]
[SourceDate "2002.01.21"]
[SourceVersion "1"]
[SourceVersionDate "2002.01.21"]
[SourceQuality "1"]

1. Nf3 d5 2. g3 Nf6 3. Bg2 c6 4. 0-0 Bf5 5. b3 e6 6. Bb2 Nbd7 7. d3 Bc5 8. Nbd2 h6 9. c4 0-0 10. Qc2 Bh7 11. a3 a5 12. Bc3 Qb6 13. Qb2 Rfe8 14. Rac1 Ng4 15. d4 Bf8 16. h3 Ngf6 17. Rfe1 Qa6 18. Bf1 b5 19. c5 Qb7 20. b4 axb4 21. axb4 Qc7 22. Ne5 Nxe5 23. dxe5 Nd7 24. Ra1 g5 25. e3 Rxa1 26. Rxa1 f6 27. exf6 e5 28. Ra6 Nxf6 29. Qa1 d4 30. exd4 e4 31. Qa2+ Nd5 32. Bxb5 Kh8 33. Rxc6 Qd8 34. Rd6 Bxd6 35. Qxd5 e3 36. Bxe8 exf2+ 37. Kg2 f1Q+ 38. Kxf1 Qxe8 39. Qf3 Be7 40. d5+ Kg8 41. d6 Bf8 42. Qd5+ 1-0

[Event "RUS-Cup"]
[Site "Tomsk"]
[Date "1999.??.??"]
[Round "2"]
[White "Odinokov, Nikolai"]
[Black "Iskusnyh, Sergei"]
[Result "0-1"]
[WhiteElo "2179"]
[BlackElo "2486"]
[PlyCount "104"]
[EventDate "1999.??.??"]
[EventType "swiss"]
[EventRounds "9"]
[EventCountry "RUS"]
[SourceTitle "EXT 2001"]
[Source "ChessBase"]
[SourceDate "2000.11.22"]
[SourceVersion "1"]
[SourceVersionDate "2000.11.22"]
[SourceQuality "1"]

1. Nf3 g6 2. g3 Bg7 3. Bg2 d6 4. e4 c5 5. 0-0 Nc6 6. d3 e5 7. Nh4 Nf6 8. f4 exf4 9. gxf4 0-0 10. Nc3 Nxe4 11. Nxe4 Qxh4 12. Nxd6 Nd4 13. Nxc8 Raxc8 14. c3 Nc6 15. Be3 b6 16. Qa4 Rfe8 17. Rae1 Qf6 18. Bc1 Red8 19. Qe4 Kf8 20. Qf3 Ne7 21. Bh3 Rc7 22. Re4 Qd6 23. f5 gxf5 24. Bxf5 Nxf5 25. Qxf5 Qg6+ 26. Qxg6 hxg6 27. Re3 Rcd7 28. Ref3 f5 29. Bg5 Re8 30. h4 Re5 31. h5 gxh5 32. Rxf5+ Rxf5 33. Rxf5+ Kg8 34. Rf3 Kh7 35. Kf2 Kg6 36. Bh4 Rd5 37. Ke2 Re5+ 38. Kf2 Rf5 39. a4 Be5 40. Be7 Rxf3+ 41. Kxf3 Kf5 42. Bh4 Bd6 43. Bd8 Ke5 44. a5 b5 45. a6 Kd5 46. b3 b4 47. cxb4 cxb4 48. Bb6 Bc5 49. Bd8 Kd4 50. Ke2 Kc3 51. Bf6+ Kxb3 52. d4 Bb6 0-1

[Event "RUS-ch sf"]
[Site "Novosibirsk"]
[Date "1999.??.??"]
[Round "2"]
[White "Odinokov, Nikolai"]
[Black "Salinnikov, Denis Y"]
[Result "0-1"]
[WhiteElo "2179"]
[BlackElo "2484"]
[PlyCount "86"]
[EventDate "1999.??.??"]
[EventType "swiss"]
[EventRounds "9"]
[EventCountry "RUS"]
[SourceTitle "EXT 2000"]
[Source "ChessBase"]
[SourceDate "1999.11.16"]
[SourceVersion "1"]
[SourceVersionDate "1999.11.16"]
[SourceQuality "1"]

1. e4 c5 2. Nf3 d6 3. g3 Nc6 4. Bg2 g6 5. d3 Bg7 6. 0-0 Nf6 7. Nc3 0-0 8. Ng5 h6 9. Nh3 e5 10. Bd2 Nd4 11. f4 Bg4 12. Qb1 Qd7 13. Nf2 Nf3+ 14. Bxf3 Bxf3 15. Qe1 exf4 16. Bxf4 g5 17. Bd2 b5 18. Nfd1 Bg4 19. Ne3 Bh3 20. Rf3 b4 21. Ncd1 d5 22. Nf2 Be6 23. Nf5 dxe4 24. dxe4 Bxf5 25. exf5 Rfe8 26. Qd1 Rad8 27. Rd3 Qxf5 28. g4 Qe5 29. Rb1 Ne4 30. Be3 Rxd3 31. Qxd3 Nxf2 32. Bxf2 Qe6 33. Bxc5 Qxg4+ 34. Kf1 Qf4+ 35. Kg1 Be5 36. Qh3 Bd4+ 37. Bxd4 Qxd4+ 38. Kf1 Re4 39. Qg3 Rf4+ 40. Ke2 Qe5+ 41. Kd2 Qd5+ 42. Ke2 Re4+ 43. Kf1 Qf5+ 0-1

[Event "RUS-ch sf"]
[Site "Novosibirsk"]
[Date "1999.??.??"]
[Round "3"]
[White "Popov, Roman"]
[Black "Odinokov, Nikolai"]
[Result "1-0"]
[WhiteElo "2470"]
[BlackElo "2179"]
[PlyCount "101"]
[EventDate "1999.??.??"]
[EventType "swiss"]
[EventRounds "9"]
[EventCountry "RUS"]
[SourceTitle "EXT 2000"]
[Source "ChessBase"]
[SourceDate "1999.11.16"]
[SourceVersion "1"]
[SourceVersionDate "1999.11.16"]
[SourceQuality "1"]

1. Nf3 g6 2. e4 Bg7 3. d4 d6 4. Nc3 Nf6 5. Be2 0-0 6. 0-0 c6 7. Re1 Qc7 8. Bf1 e5 9. h3 b5 10. dxe5 dxe5 11. Bg5 Nbd7 12. Nd2 Nc5 13. Qf3 Nh5 14. Ne2 Ne6 15. Be3 Nhf4 16. h4 Nxe2+ 17. Qxe2 f5 18. exf5 gxf5 19. f3 Qe7 20. Bf2 Bf6 21. a4 a6 22. c3 Kh8 23. Bg3 e4 24. fxe4 f4 25. Bf2 Bxh4 26. Bxh4 Qxh4 27. Nf3 Qe7 28. Qf2 Bb7 29. Nd4 Nc5 30. e5 Nxa4 31. Bd3 c5 32. Nf5 Qd7 33. Nd6 f3 34. Re3 Rg8 35. Bf5 Qe7 36. g4 Raf8 37. Kf1 Bd5 38. Qh2 Rg7 39. c4 Qg5 40. Kf2 Bg8 41. b3 Nc3 42. e6 Qf6 43. Rh1 Qd4 44. Qe5 Qd2+ 45. Kxf3 Nd1 46. Re2 Qg5 47. Nf7+ Bxf7 48. Rxh7+ Kg8 49. exf7+ Rfxf7 50. Qe8+ Rf8 51. Rh8+ 1-0